000 00415nam a2200133 a 4500
001 000038199
005 20201002031210.0
008 110823s2001 dr 000 0 spa d
040 _aDO-SdBNP
_bspa
_cBNPHU
110 1 _aRepública Dominicana.
_9447
245 1 0 _aConstitución de la República Dominicana.
260 _aSanto Domingo :
_bComisión Permanente de Efemerides Patrias,
_c2001.
300 _a43 p. ;
_c22 cm.
999 _c37689
_d37689